00740nam a22002057a 4500999001500000008004100015020001800056040001700074100002400091245006900115260010400184300002900288500002400317563001000341650008300351650005800434942000700492050001900499082001600518 c8951d8951220215b ||||| |||| 00| 0 eng d a9789785513608 aNLNbEnglish aARIYO, O. O.917388 aFundamentals of refrigeration and air-conditioning/cO. O. Ariyo aOffa, Kwara State (No.4, Goodies Road, Avalon Hotel Area):bCorrect Man/Ahlan Wasahlan Printsc2018 aviii, 141p.:bill.; 21cm aBibliography: p.141 a(pbk) aRefrigeration and refrigerating machinery - Study and teaching (Higher)917389 aAir conditioning - Study and teaching (Higher)917390 cBK aTP492.3.bA718 a621.5600711